000 00980nam a2200241 i 4500
001 19482
003 ES-MaACL
005 20230906152115.0
007 t|
008 020903s2001 sp ||||1| spa d
020 _a84-259-1171-0
080 _a342.72/73(460)"19"
100 1 _aDomingo, Tomás de.
_945126
245 1 0 _a¿Conflictos entre derechos fundamentales?
_b: un análisis desde las relaciones entre los derechos a la libre expresión e información y los derechos al honor y la intimidad /
_cTomás de Domingo ; estudio preliminar de Antonio Luis Martínez-Pujalte.
260 _aMadrid :
_bCentro de Estudios Políticos y Constitucionales,
_c2001.
300 _a402 p. ;
_c22 cm.
490 1 _aCuadernos y debates ;
_v116
650 1 4 _aDerechos políticos y civiles-
_zEspaña.
_911781
700 1 _aMartínez-Pujalte, Antonio Luis.
_978341
830 0 _aCuadernos y debates ;
_v116
_9180619
852 _aES-MaACL
_jL-25921
_bR.131788
999 _c19482
_d19482